User-centered design stories : real-world UCD case files /
Intended for both the student and the practitioner, this is the first user-centered design casebook. It follows the Harvard Case study method, where the reader is placed in the role of the decision-maker in a real-life professional situation. In this book, the reader is asked to perform analysis of...
| Corporate Author: | |
|---|---|
| Other Authors: | , |
| Format: | eBook |
| Language: | English |
| Published: |
Amsterdam ; Boston :
Elsevier/Morgan Kaufman,
[2007]
|
| Series: | Morgan Kaufmann series in interactive technologies.
|
| Subjects: | |
| Online Access: | Connect to the full text of this electronic book Table of contents only Publisher description |
MARC
| Tag | First Indicator | Second Indicator | Subfields |
|---|---|---|---|
| LEADER | 00000cam a2200000Ia 4500 | ||
| 001 | in00002425267 | ||
| 005 | 20190327171531.0 | ||
| 006 | m d | ||
| 007 | cr cn||||||||| | ||
| 008 | 070806s2007 ne ab sb 001 0 eng d | ||
| 020 | |a 9780123706089 | ||
| 020 | |a 0123706084 | ||
| 035 | |a (OCoLC)ocn162573588 | ||
| 035 | |a (OCoLC)162573588 | ||
| 037 | |a 132509:132629 |b Elsevier Science & Technology |n http://www.sciencedirect.com | ||
| 040 | |a OPELS |c OPELS |d OCLCQ |d UtOrBLW | ||
| 049 | |a TEFA | ||
| 050 | 1 | 4 | |a HF5415.15 |b .U74 2007eb |
| 082 | 0 | 4 | |a 658.5/038 |2 22 |
| 245 | 0 | 0 | |a User-centered design stories : |b real-world UCD case files / |c edited by Carol Righi and Janice James. |
| 246 | 3 | |a Real-world UCD case studies | |
| 264 | 1 | |a Amsterdam ; |a Boston : |b Elsevier/Morgan Kaufman, |c [2007] | |
| 264 | 4 | |c ©2007 | |
| 300 | |a xxi, 535 pages : |b illustrations, maps ; |c 24 cm. | ||
| 336 | |a text |b txt |2 rdacontent | ||
| 337 | |a computer |b c |2 rdamedia | ||
| 338 | |a online resource |b cr |2 rdacarrier | ||
| 490 | 1 | |a The Morgan Kaufmann series in interactive technologies | |
| 533 | |a Electronic reproduction. |b Amsterdam : |c Elsevier Science & Technology, |d 2007. |n Mode of access: World Wide Web. |n System requirements: Web browser. |n Title from title screen (viewed on Aug. 2, 2007). |n Access may be restricted to users at subscribing institutions. | ||
| 520 | |a Intended for both the student and the practitioner, this is the first user-centered design casebook. It follows the Harvard Case study method, where the reader is placed in the role of the decision-maker in a real-life professional situation. In this book, the reader is asked to perform analysis of dozens of UCD work situations and propose solutions for the problem set. The problems posed in the cases cover a wide variety of key tasks and issues facing practitioners today, including those that are related to organizational/managerial topics, UCD methods and processes, and technical/ project issues. The benefit of the casebook and its organization is that it offers the new practitioner (as well as experienced practitioners working in new settings) the valuable practice in decision-making that one cannot get by reading a book or attending a seminar. *The first User-Centered Design Casebook, with cases covering the key tasks and issues facing UCD practitioners today. *Each chapter based on real world cases with complex problems, giving readers as close to a real-world experience as possible. * Offers "the things you don't learn in school," such as innovative and hybrid solutions that were actually used on the problems discussed. | ||
| 505 | 0 | |a Justifying, developing, and starting a UCD Program; Raising awareness and educating others in the work environment; Hiring UCD professionals; Estimating and pricing a UCD effort; Selecting appropriate user research methodologies; Selecting appropriate evaluation methodologies; Designing a user iterface; Designing user help; Web site information architecture; Addressing accessibility issues (i.e. designing for those with disabilities); Applying UCD to middleware/products with no obvious user interface; Managing the politics of UCD in the Workplace; Recruiting for a UCD effort; Developing and delivering UCD training; Interplay of the business model/business requirements and user requirements; Cost-Justifying a UCD effort. | |
| 504 | |a Includes bibliographical references and index. | ||
| 500 | |a Electronic resource. | ||
| 650 | 0 | |a New products |x Management |v Case studies. | |
| 650 | 0 | |a Customer relations |v Case studies. | |
| 650 | 0 | |a User interfaces (Computer systems) |v Case studies. | |
| 650 | 0 | |a Reengineering (Management) |v Case studies. | |
| 650 | 0 | |a Management information systems |v Case studies. | |
| 655 | 7 | |a Electronic books. |2 local | |
| 700 | 1 | |a Righi, Carol. | |
| 700 | 1 | |a James, Janice |q (Janice Sue) | |
| 730 | 0 | |a Referex. | |
| 776 | 1 | |c Original |z 9780123706089 |z 0123706084 |w (DLC) 2007007430 |w (OCoLC)85692767 | |
| 710 | 2 | |a ScienceDirect (Online service) | |
| 830 | 0 | |a Morgan Kaufmann series in interactive technologies. | |
| 856 | 4 | 0 | |u http://proxy.library.tamu.edu/login?url=http://www.sciencedirect.com/science/book/9780123706089 |z Connect to the full text of this electronic book |t 0 |
| 856 | 4 | 2 | |3 Table of contents only |u http://www.loc.gov/catdir/toc/ecip0711/2007007430.html |t 0 |
| 856 | 4 | 2 | |3 Publisher description |u http://www.loc.gov/catdir/enhancements/fy0708/2007007430-d.html |t 0 |
| 994 | |a C0 |b TEF | ||
| 999 | |a MARS | ||
| 999 | f | f | |s 0e1ccd57-3134-3b35-8678-2aafe2961a32 |i a1a1e1bb-3691-354f-b814-1e567217bd22 |t 0 |
| 952 | f | f | |a Texas A&M University |b College Station |c Electronic Resources |d Available Online |t 0 |e HF5415.15 .U74 2007eb |h Library of Congress classification |
| 998 | f | f | |a HF5415.15 .U74 2007eb |t 0 |l Available Online |